Statistical inference for Markov processes
Uloženo v:
| Hlavní autor: | |
|---|---|
| Médium: | Kniha |
| Jazyk: | angličtina |
| Vydáno: |
Chicago
University of Chicago Press
1961
|
| Edice: | Statistical Research Monographs, 2
|
| Témata: | |
| Tagy: |
Přidat tag
Žádné tagy, Buďte první, kdo vytvoří štítek k tomuto záznamu!
|
MARC
| LEADER | 00000nam a2200000 a 4500 | ||
|---|---|---|---|
| 001 | UCQ9972 | ||
| 003 | CL-VaPUC | ||
| 008 | 990128e19610000US |||||||||||||||||eng|d | ||
| 082 | 0 | 4 | |a 519.5 |b BIL |2 21 |
| 100 | 0 | |a Billingsley, Patrick |e author |9 424688 | |
| 245 | 1 | 0 | |a Statistical inference for Markov processes |
| 300 | |a 75 p | ||
| 942 | |c BK | ||
| 945 | |d 19990128 00:00:00 |a crobeson | ||
| 260 | |a Chicago |b University of Chicago Press |c 1961 | ||
| 650 | 0 | |a Estadística matemática |9 260028 | |
| 650 | 0 | |a Procesos de Markov |9 270451 | |
| 583 | |a last modification |c 19990128 00:00:00 |k Rodrigo Vera | ||
| 490 | 0 | |a Statistical Research Monographs, 2 | |
| 999 | |c 278861 |d 278859 | ||
| 952 | |0 0 |1 0 |4 0 |6 519_500000000000000_BIL_1961 |7 0 |8 A |9 317659 |a BIBGIM |b BIBGIM |d 2019-11-20 |i 1319841 |o 519.5 BIL 1961 |p 1319841 |r 2025-01-15 |w 2019-11-20 |y BK |k EST | ||